Find the US States Ultimate Minefield Quiz Stats

 Plays Quiz Updated Apr 7, 2020

Support Sporcle.
Go Orange.
Score 0/50 Timer 07:00
960 Plays Today
% Correct
???
27.6%
???
27.5%
???
27.5%
???
27.4%
???
27.3%
???
27.3%
???
27.2%
???
26.8%
???
26.8%
???
26.7%
???
26.7%
???
26.6%
???
26.6%
???
26.5%
???
26.4%
???
26.4%
???
26.3%
???
26.3%
???
26.3%
???
26.2%
???
26.2%
???
26.1%
???
26.1%
???
25.8%
???
25.8%
% Correct
???
25.7%
???
25.7%
???
25.6%
???
25.5%
???
25.3%
???
25.3%
???
24.9%
???
24.8%
???
24.8%
???
24.7%
???
24.6%
???
24.6%
???
24.5%
???
24.5%
???
24.3%
???
24.3%
???
24.3%
???
24.2%
???
24.1%
???
24%
???
24%
???
23.9%
???
23.9%
???
23.8%
???
23.1%

You're not logged in!

Compare scores with friends on all Sporcle quizzes.
OR
Log In

From the Vault

Things at Target in the Old West

by Aprilli

Who doesn't enjoy a good ramble back in time? Maybe you can snag some fresh milk while you're at it.
Remove Ads.
Support Sporcle.
Get the best of Sporcle when you Go Orange. This ad-free experience offers more features, more stats, and more fun while also helping to support Sporcle. Thank you for becoming a member.

Show Comments

Extras

Top Quizzes Today


Score Distribution

Your Account Isn't Verified!

In order to create a playlist on Sporcle, you need to verify the email address you used during registration. Go to your Sporcle Settings to finish the process.

Report this User

Report this user for behavior that violates our Community Guidelines.

Details: